000 00585nam a2200217Ii 4500
001 13976
003 CO-ViMGA
008 241108s9999||||xx |||||||||||||| ||und||
020 _a8498251230
040 _aCO-ViMGA
_bspa
_erda
_cCO-ViMGA
041 0 _aspa
084 _aC GEI1
100 1 _aPatricia Geis
_951111
245 1 0 _aPequeño malayali
264 1 _aMadrid, España : Combel, 2006
300 _avolumen
336 _atext
_btxt
_2rdacontent
337 _aunmediated
_bn
_2rdamedia
338 _avolume
_bnc
_2rdacarrier
940 _aidficha_siabuc: 13674. -- ficha_no_siabuc:13976
999 _c45821
_d45821